Music Quiz

Random Music or Billboard Quiz

All Artists With A Top 40 Hit in the 1970s (B) - Click! Quiz Stats

 Plays Quiz not verified by Sporcle

Note there are two variations of one title - "Saturday Night" was by far more well known than "Saturdaynight"
Score 0/71 Timer 10:00
0 Plays Today
% Correct
Beatles, The
90.7%
Blondie
88.4%
Bee Gees
83.7%
Blue Öyster Cult
83%
Buffett, Jimmy
82.4%
Bachman Turner Overdrive
82.2%
Buggles, The
76.5%
Boone, Debby
74.7%
Berry, Chuck
74.5%
Bowie, David
69.2%
Browne, Jackson
67.3%
Bay City Rollers, The
64.2%
Blues Brothers
63.9%
Bread
62%
Band, The
60.3%
Brownsville Station
60%
Bellamy Brothers
56.9%
Benson, George
55.5%
Bishop, Elvin
51.6%
Boston
50.8%
Bridges, Alicia
50.8%
Baez, Joan
47.8%
Blue Swede
46.9%
Badfinger
40%
Bad Company
39.6%
Brewer And Shipley
39.6%
Bishop, Stephen
38.4%
Blues Image
33.9%
Benton, Brook
33%
Black Oak Arkansas
30.3%
Brown, James
30.2%
Brotherhood Of Man
28.7%
Beach Boys, The
28.5%
Babys, The
28.1%
Blood, Sweat And Tears
26.1%
Brick
25.1%
% Correct
Boney M
24.8%
B.T. Express
24.4%
Blackbyrds
19.1%
Bloom, Bobby
18.5%
Boone, Daniel
18.5%
Baker, George (Selection)
18.1%
Brothers Johnson
17.9%
Buoys, The
17.8%
Blackfoot
15.7%
Brown, Shirley
14.7%
Blue Magic
14.5%
Bells, The
14.1%
Bloodstone
14.1%
Bristol, Johnny
14%
Blue Ridge Rangers
13.4%
Brown, Peter (With Betty Wright)
13.4%
Bloodrock
13.3%
Bremers, Beverly
13.1%
Bell, Benny
11.5%
Bazuka
11.2%
Bar-Kays, The
11%
Bell And James
9.8%
Blanchard, Jack, And Misty Morgan
9.8%
Brenda And The Tabulations
9.3%
Brass Construction
8.8%
Brown, Chuck, And The Soul-Searchers
8.8%
Brown, Polly
8.7%
Beginning Of The End
7.9%
Blue Haze
7.9%
Bullet
6.9%
Brighter Side Of Darkness
6.7%
Bell, William
6.6%
Butler, Jerry (And Brenda Lee Eager)
6.6%
Brood, Herman
5.1%
Bell, Vincent
4.9%

You're not logged in!

Compare scores with friends on all Sporcle quizzes.
Join for Free
OR
Log In

You Might Also Like...

Show Comments

Extras

Top Quizzes Today


Score Distribution

Your Account Isn't Verified!

In order to create a playlist on Sporcle, you need to verify the email address you used during registration. Go to your Sporcle Settings to finish the process.

Report this User

Report this user for behavior that violates our Community Guidelines.

Details: